000 00370nam a2200133Ia 4500
008 100328s9999 xx 000 0 und d
082 _b58691
100 _aवर्तक उषा.
245 _aविक्रमसिंह.
260 _bशकुन.
630 _aविक्रमसिंह.
730 _aविक्रमसिंह.
942 _cBOOK
999 _c545000
_d544997